000 01056nam0a2200313 4500
001 RU\NLR\bibl\1010557
005 20260406123535.0
010 _a5-17-036174-2
_bАСТ
010 _a5-9713-3519-7
_bАСТ МОСКВА
010 _a5-9762-0671-9
_bХранитель
_914000
021 _aRU
_b2006-63434
_93165
035 _a(NLR Aleph) 000998190
090 _a561784
_c561784
100 _a20061117d2006 |||y0rusy50 ca
101 1 _arus
_ceng
102 _aRU
105 _ay |||||||||
200 1 _aПоцелуй дьявола
_eроман
_fБарбара Картленд
_g[пер. с англ. Ю.А. Бушуевой]
210 _aМосква
_cАСТ [и др.]
_d2006
215 _a317, [1] с.
_d17
225 1 _aОчарование
225 1 _aМини шарм
686 _aШ6(4Вл)67-440.4{Лх1299-50}
700 1 _4070
_8rus
_7ca
_aКартланд
_bБ.
_f1901-2000
_gБарбара
_3RU\NLR\auth\77841
_9110879
801 0 _aRU
_bNLR
_c20061117
_grcr
801 1 _aRU
_bNLR
_c20061117
942 _cBOOK
980 _aNB